| 000 | 00503nam a2200217 454500 | ||
|---|---|---|---|
| 001 | 078170 | ||
| 003 | BD-ChCU | ||
| 008 | Eng | ||
| 020 | _a8125916547 | ||
| 040 |
_aDLC _cDLC _dBD-ChCU |
||
| 082 | 0 | 0 | _a519.5/G913i |
| 100 | 1 |
_aGupta, CB _bGupta, Vijay |
|
| 245 | 1 | 0 |
_aAn introduction to statistical methods _b- |
| 250 | _ax | ||
| 260 |
_aNew Delhi _bVikas Pub. _c2004 |
||
| 300 | _aX, 829 | ||
| 504 | _a | ||
| 650 | 0 |
_aStatistical methods _bStatistics |
|
| 700 | 1 | _ax | |
| 942 |
_2ddc _cBK |
||
| 999 |
_c78170 _d78170 |
||